00361nam a2200109Ia 4500008004100000082001500041100002000056245005000076260004200126630001800168650006500186211109s9999||||xx |||||||||||||| ||und|| a823bBAR-T aBarrow [john],  0aTale of the Bountry: Adapted from John Barrow bOxford University PressaBombayc1961 xGeneral Stack aEnglish LiteraturevEnglish FictionEnglish NovelsxGeneralia